LEADER 01429nam a2200289 u 4500 001 000000053698 003 CaOOAMICUS 005 20070226115605.0 008 001120s1967 it u000 u ita u 035 $a10861866 040 $aPUL(R)$bita 100 1 $aStella, Giorgio.$0(OLS)http://pul/name/38248 245 12$aL'insegnamento filosofico dei preti della missione :$balle origini del neotomismo in Italia /$cp. Giorgio Stella. 260 $aRoma :$bLibreria editrice della P. Universitą lateranense,$c1967. 300 $a251 p. ;$c24 cm 490 1 $aStudi e ricerche sulla rinascita del tomismo ;$v4 504 $a"Bibliografia": p. [7]-13. 650 4$aNeoscolastica.$0(OLS)http://pul/subject/5922 830 0$aStudi e ricerche sulla rinascita del tomismo ;$v4.$0(OLS)http://pul/title/72026 850 $aPUL 852 $aPUL$W1$xDP1 Fondo Giannini$y60$m1556 B 14$j70801$nBK-PRI$b $qFondi$B70801$CPULBib$Z2$F70801 $H $81 852 $aPUL$W1$xSL Filosofia 1$y2$m97 A 1.4$j119316$ac. 2$qStampati$B119180$CPULBib$Z2$F119180 $H28772 $82 941 1 $a8 941 1 $a1 961 $aINV: Fondo G. Giannini 996 $6245$aL'insegnamento filosofico dei preti della missione :$balle origini del neotomismo in Italia$9(OLS)http://pul/title/72025 996 $6260$aRoma :$bLibreria editrice della P. Universitą lateranense$9(OLS)http://pul/publisher/68615 LEADER 01717nam a2200397 a 4500 001 000000147368 003 CaOOAMICUS 005 20151113152032.0 008 151113s2015 vc u000 u ita r 020 $a978-88-209-9515-7* 032 $aLibriCat 040 $aPUL$bita 041 1 $aita$aeng$afre$aspa 082 04$a261.8 245 00$aFamiglia e povertą. 260 $aCittą del Vaticano :$bLibreria editrice vaticana,$c©2015. 300 $a666 p. ;$c19 cm. 490 1 $aFamiglia e vita ;$v06 500 $aInclude indici. 500 $aIn testa al front.: Pontificium Consilium pro Familia. Caritas Internationalis. 546 $aTesto anche in inglese, francese e spagnolo. 650 4$aChiesa e societą$ySec. XXI.$0(OLS)http://pul/subject/42644 650 4$aPovertą$xStudi.$0(OLS)http://pul/subject/9432 650 4$aFamiglia$xAspetti socio-culturali$ySec. XX-XXI.$0(OLS)http://pul/subject/38756 710 2 $aPontificio Consiglio per la famiglia.$0(OLS)http://pul/name/21287 710 2 $aCaritas Internationalis.$0(OLS)http://pul/name/94215 830 0$aFamiglia e vita ;$v06.$0(OLS)http://pul/title/178132 850 $aPUL 852 $aPUL$W1$xSL Religione 3$y85$m261. 8 PCPFA 2$j170323$qDDC 21$B171102$CPULBib$Z2$F171102 $H126415 $81 910 $aPontificium Consilium pro familia$921287 941 1 $a9 996 $6020$a978-88-209-9515-7*$9(OLS)http://pul/number/158942 996 $6082$a261.8$9(OLS)http://pul/classification/367 996 $6245$aFamiglia e povertą$9(OLS)http://pul/title/186021 996 $6260$aCittą del Vaticano :$bLibreria editrice vaticana$9(OLS)http://pul/publisher/47920